African experience in Spanish America (Record no. 530441)

MARC details
000 -LEADER
fixed length control field 00779nam a2200253Ia 4500
003 - CONTROL NUMBER IDENTIFIER
control field OSt
005 - DATE AND TIME OF LATEST TRANSACTION
control field 20220925194704.0
008 - FIXED-LENGTH DATA ELEMENTS--GENERAL INFORMATION
fixed length control field 220923b |||||||| |||| 00| 0 eng d
037 ## - SOURCE OF ACQUISITION
Terms of availability General Book
040 ## - CATALOGING SOURCE
Original cataloging agency RTL
Transcribing agency RTL
Language of cataloging eng
041 ## - LANGUAGE CODE
Source of code eng
Language code of text/sound track or separate title eng
100 ## - MAIN ENTRY--PERSONAL NAME
Personal name Rout Leslie B
9 (RLIN) 252018
245 #0 - TITLE STATEMENT
Title African experience in Spanish America
Remainder of title 1502 to the
260 ## - PUBLICATION, DISTRIBUTION, ETC.
Place of publication, distribution, etc. Cambridge
Name of publisher, distributor, etc. The University Press
Date of publication, distribution, etc. 1976
300 ## - PHYSICAL DESCRIPTION
Extent xv, 404p
Dimensions cm.
490 ## - SERIES STATEMENT
Series statement Cambridge Latin American Studies
500 ## - GENERAL NOTE
General note Bibliography: P 31; Appendix: P 323-30
650 ## - SUBJECT ADDED ENTRY--TOPICAL TERM
Topical term or geographic name entry element Negroes
942 ## - ADDED ENTRY ELEMENTS (KOHA)
Classification part Y73(P6).791.N75<--J02, L6
Koha item type General Books
Source of classification or shelving scheme Colon Classification (CC)

No items available.

Copyright @ Delhi University Library System